| 000 | 00378 a2200133 4500 | ||
|---|---|---|---|
| 040 |
_aLibrary of Congress _bEnglish |
||
| 082 | _a297.2 | ||
| 100 | _aAli, Muhammad Amjad. | ||
| 245 |
_aBahaar Shariat _cMuhammad Amjad Ali. _h[Urdu] |
||
| 260 |
_aLahore : _bShabir Brothers, _c1996. |
||
| 300 |
_av. 1; 763 p. ; _c24 cm. |
||
| 650 | _aIslam -- Doctrines. | ||
| 942 |
_cBK _k297.2 ALI _2ddc |
||
| 999 |
_c7147 _d7147 |
||